Catálogo
 En Linea
Vista normal Vista MARC

Entrada Nombre de reunión

Número de registros utilizados en: 3

001 - NÚMERO DE CONTROL

  • campo de control: 6986

003 - IDENTIFICADOR DEL NÚMERO DE CONTROL

  • campo de control: OSt

005 - FECHA Y HORA DE LA ÚLTIMA TRANSACCIÓN

  • campo de control: 20200615032147.0

008 - DATOS DE LONGITUD FIJA

  • campo de control de longitud fija: 200615|| aca||aabn | a|a d

040 ## - FUENTE DE LA CATALOGACIÓN

  • Centro catalogador/agencia de origen: OSt
  • Centro/agencia transcriptor: OSt

111 ## - ENCABEZAMIENTO--NOMBRE DE CONGRESO/REUNIÓN

  • Nombre de congreso/reunión o jurisdicción como elemento de entrada: Seminario sobre la Revolución de 1965.
  • Fecha del congreso/reunión: (22-24 de mayo de 2002 :
  • Sede del congreso/Lugar de la reunión: Santo Domingo, República Dominicana)

670 ## - FUENTE DE DATOS ENCONTRADOS

  • Cita de la fuente: Work cat.: (OSt)2036: Seminario sobre la Revolución de 1965. (22-24 de mayo de 2002 : Santo Domingo, República Dominicana), Guerra de abril :, 2002.

Con tecnología Koha